Shakespeare's Most Famous Plays - Statistics

General Stats
  • This quiz has been taken 6 times
  • The average score is 9 of 15
Answer Stats
Plot Title % Correct
A Danish prince who seeks to avenge his father's murder by his uncle. Hamlet
100%
A Scottish general consumed by blind ambition who murders his king to seize the throne, only to be destroyed by guilt, paranoia, and the violent consequences of his tyranny. Macbeth
100%
Two star-crossed lovers from feuding families whose passionate, forbidden romance ultimately leads to their deaths. Romeo and Juliet
80%
A merchant who defaults on a loan from a vengeful Jewish moneylender, forcing his friends to rely on a clever, cross-dressing heroine to save him from having to pay with a pound of his own flesh. The Merchant of Venice
80%
Young lovers and amateur actors who get lost in an enchanted forest and become entangled in the romantic mischief of fairies. A Midsummer Night's Dream
60%
The passionate and politically ruinous romance between Roman general and Egyptian Queen, whose devoted love leads both to tragic downfall and death amid a struggle for control of the Roman Empire. Antony and Cleopatra
60%
A group of Roman senators who assassinate Julius Caesar to prevent him from becoming a tyrant, only to spark a destructive civil war. Julius Caesar
60%
An aging monarch who triggers a tragic descent into madness and civil war after foolishly dividing his kingdom among his flattering, deceitful daughters while banishing the only one who truly loves him. King Lear
60%
A Moorish military general who is maliciously manipulated by his trusted ensign, Iago, into believing his innocent wife, Desdemona, is unfaithful, ultimately driving him to murder her and take his own life in a fit of jealous rage. Othello
60%
A deposed duke marooned on a magical island who uses wizardry to exact revenge on his enemies, ultimately choosing to forgive them and embrace reconciliation. The Tempest
60%
A young English king who invades France to claim the crown, overcomes overwhelming odds to win the historic Battle of Agincourt, and ultimately secures peace and a royal marriage. Henry V
40%
Ttwo sparring, banter-loving singles are tricked into falling in love, while another couple's romance is nearly destroyed by a malicious deception Much Ado About Nothing
40%
Richard III is about a ruthless, power-hungry nobleman who deceives and murders his way to the English throne, only to be consumed by paranoia and ultimately defeated in battle. Richard III
40%
A shipwrecked woman named Viola disguises herself as a man, sparking a tangled web of mistaken identities and chaotic love triangles. Twelfth Night
40%
Characters flee into the magical Forest of Arden to escape courtly politics, leading to humorous romantic entanglements, mistaken identities, and satisfying resolutions. As You Like It
20%
No matching quizzes found
Score Distribution
Percent of People with Each Score
Percentile by Number Answered
Your Score History
You have not taken this quiz